000 00512nam a2200169 i 4500
001 84427
003 ES-MaACL
005 20230906175020.0
007 t|
008 041122s1961 sp ||||1| spa d
100 1 _aJimeno García, Liberto.
_966648
245 1 0 _aNomenclátor del arancel de aduanas /
_cL. Jimeno García.
260 _aMadrid :
_bEdiciones Jurídico-Fiscales,
_c[1961]
300 _a350 p. ;
_c21 cm.
650 4 _aMercancías-
_xClasificación.
_9166002
852 _aES-MaACL
_jC-20643
_bR.48408
999 _c84427
_d84427